[Event "Pontevedra op-B 10th"]
[Site "Pontevedra"]
[Date "2022.07.28"]
[Round "7.26"]
[White "Alonso Gonzalez, Fernando"]
[Black "Entenza Lamelas, Hector"]
[Result "0-1"]
[WhiteElo "1564"]
[BlackElo "1158"]
[PlyCount "66"]
[EventDate "2022.07.24"]
[EventType "swiss"]
[EventRounds "9"]
[EventCountry "ESP"]
[SourceTitle "EXT 2023"]
[Source "ChessBase"]
[SourceDate "2022.10.05"]
[SourceVersion "1"]
[SourceVersionDate "2022.10.05"]
[SourceQuality "1"]

1. e4 e5 2. Nf3 Nc6 3. Bb5 Bc5 4. 0-0 d6 5. h3 Nf6 6. c3 0-0 7. d4 exd4 8. cxd4 Bb6 9. Bg5 h6 10. Bh4 g5 11. Bg3 Nxe4 12. Bh2 Bf5 13. Nc3 Ne7 14. Re1 Nf6 15. Ba4 Bg6 16. Rc1 c6 17. Bc2 Re8 18. a3 Qd7 19. Qd2 Bxc2 20. Qxc2 Ng6 21. Rcd1 Re7 22. Be5 Nh5 23. g4 Nhf4 24. Ne4 Kf8 25. Bxd6 Nxh3+ 26. Kh2 Qxg4 27. Ng1 Nhf4 28. f3 Qh5+ 29. Nh3 Qxh3+ 30. Kg1 Qxf3 31. Rd2 Qg4+ 32. Kh2 Qh4+ 33. Kg1 Qxe1+ 0-1

[Event "Pontevedra op-B 10th"]
[Site "Pontevedra"]
[Date "2022.07.25"]
[Round "3.18"]
[White "Martinez Garcia, Jorge"]
[Black "Entenza Lamelas, Hector"]
[Result "1-0"]
[WhiteElo "1611"]
[BlackElo "1158"]
[PlyCount "93"]
[EventDate "2022.07.24"]
[EventType "swiss"]
[EventRounds "9"]
[EventCountry "ESP"]
[SourceTitle "EXT 2023"]
[Source "ChessBase"]
[SourceDate "2022.10.05"]
[SourceVersion "1"]
[SourceVersionDate "2022.10.05"]
[SourceQuality "1"]

1. e4 e5 2. Nf3 Nc6 3. d4 exd4 4. Bc4 Nf6 5. e5 d5 6. Bb5 Ne4 7. Nxd4 Bd7 8. Nxc6 Bxc6 9. Bxc6+ bxc6 10. 0-0 Bc5 11. a3 Qh4 12. Qf3 0-0 13. Nc3 Ng5 14. Bxg5 Qxg5 15. Rfe1 Rfe8 16. h4 Qxh4 17. Rad1 Rad8 18. b4 Bb6 19. Re2 Re6 20. g3 Qg5 21. a4 a5 22. b5 Rxe5 23. bxc6 Rxe2 24. Qxe2 h5 25. Qf3 d4 26. Nb5 h4 27. Kg2 hxg3 28. Qxg3 Qxg3+ 29. fxg3 Kf8 30. Kf3 Ke7 31. Ke4 Ke6 32. g4 g6 33. Rf1 Rd5 34. Rf4 f5+ 35. gxf5+ gxf5+ 36. Kd3 Ke5 37. Rh4 Rc5 38. Rh6 Kf4 39. Nxd4 Rd5 40. c3 Bxd4 41. cxd4 Kg3 42. Rg6+ Kf3 43. Rg7 f4 44. Rxc7 Rd8 45. Rf7 Rc8 46. d5 Rd8 47. c7 1-0

[Event "Pontevedra op-B 10th"]
[Site "Pontevedra"]
[Date "2022.07.24"]
[Round "1.16"]
[White "Velamazan Gomez, Angel"]
[Black "Entenza Lamelas, Hector"]
[Result "1-0"]
[WhiteElo "1712"]
[BlackElo "1158"]
[PlyCount "61"]
[EventDate "2022.07.24"]
[EventType "swiss"]
[EventRounds "9"]
[EventCountry "ESP"]
[SourceTitle "EXT 2023"]
[Source "ChessBase"]
[SourceDate "2022.10.05"]
[SourceVersion "1"]
[SourceVersionDate "2022.10.05"]
[SourceQuality "1"]

1. d4 Nf6 2. Nf3 g6 3. Bf4 Bg7 4. e3 d6 5. Be2 Nbd7 6. c4 c5 7. Nc3 0-0 8. 0-0 Re8 9. Qc2 b6 10. Rad1 Bb7 11. d5 Rb8 12. e4 Nh5 13. Bg5 h6 14. Be3 Nhf6 15. h3 a6 16. a4 e6 17. dxe6 Rxe6 18. Nd2 Qe8 19. Nd5 Nxd5 20. cxd5 Re7 21. Nc4 Qd8 22. Nxd6 Nf6 23. Nxb7 Rbxb7 24. Bxa6 Ra7 25. Bd3 Qe8 26. Bb5 Qa8 27. f3 Qd8 28. Qf2 Ne8 29. b4 Nd6 30. bxc5 Nxb5 31. axb5 1-0